<?xml version="1.0" encoding="UTF-8"?><?xml-stylesheet type="text/xsl" href="static/style.xsl"?><OAI-PMH xmlns="http://www.openarchives.org/OAI/2.0/" xmlns:xsi="http://www.w3.org/2001/XMLSchema-instance" xsi:schemaLocation="http://www.openarchives.org/OAI/2.0/ http://www.openarchives.org/OAI/2.0/OAI-PMH.xsd"><responseDate>2026-04-13T00:03:49Z</responseDate><request verb="GetRecord" identifier="oai:www.recercat.cat:2117/336042" metadataPrefix="marc">https://recercat.cat/oai/request</request><GetRecord><record><header><identifier>oai:recercat.cat:2117/336042</identifier><datestamp>2026-02-04T03:10:45Z</datestamp><setSpec>com_2072_1033</setSpec><setSpec>col_2072_452950</setSpec></header><metadata><record xmlns="http://www.loc.gov/MARC21/slim" xmlns:dcterms="http://purl.org/dc/terms/" xmlns:xsi="http://www.w3.org/2001/XMLSchema-instance" xmlns:doc="http://www.lyncode.com/xoai" xsi:schemaLocation="http://www.loc.gov/MARC21/slim http://www.loc.gov/standards/marcxml/schema/MARC21slim.xsd">
   <leader>00925njm 22002777a 4500</leader>
   <datafield ind2=" " ind1=" " tag="042">
      <subfield code="a">dc</subfield>
   </datafield>
   <datafield ind2=" " ind1=" " tag="720">
      <subfield code="a">Arrayago Luquin, Itsaso</subfield>
      <subfield code="e">author</subfield>
   </datafield>
   <datafield ind2=" " ind1=" " tag="720">
      <subfield code="a">Rasmussen, Kim J.R.</subfield>
      <subfield code="e">author</subfield>
   </datafield>
   <datafield ind2=" " ind1=" " tag="260">
      <subfield code="c">2021-03</subfield>
   </datafield>
   <datafield ind2=" " ind1=" " tag="520">
      <subfield code="a">Current structural codes for steel and stainless steel structures such as AISC 360-16, AISC 370-21, AS/NZS 4100 and Eurocode 3 are based on the traditional two-step member-based design approach, in which internal actions are first obtained from a structural analysis, usually elastic, and the strength of each member and connection is subsequently checked using a structural design standard. However, the most recent versions of these standards already incorporate preliminary versions of the direct, or one-step, system-based design alternative, which is based on the design-by-analysis concept and allows evaluating the strength of structures directly from numerical simulations, although the standards in their current form do not provide reliability requirements for structural systems. Therefore, it is necessary to build a rigorous structural reliability framework to investigate acceptable target reliability indices for structural systems and to provide adequate system safety factors and system resistance factors. While this framework has been developed based on advanced Finite Element analysis for hot-rolled and cold-formed carbon steel structures in recent years in the form of the Direct Design Method (DDM), the framework does not exist for stainless steel structures. This paper presents an extension of the DDM to the analysis of stainless steel structures, in which system reliability calibrations are presented for six stainless steel portal frames under gravity loads covering the three most common stainless steel families and different failure modes using advanced numerical simulations. From the derived reliability calibrations, suitable system safety factors and system resistance factors are proposed for the direct design of stainless steel frames in the European, US and Australian design frameworks under gravity loads.</subfield>
   </datafield>
   <datafield ind2=" " ind1=" " tag="520">
      <subfield code="a">This project has Received funding from the European Union’s Horizon 2020 Research and Innovation Programme under the Marie Sklodowska-Curie Grant Agreement No. 842395.</subfield>
   </datafield>
   <datafield ind2=" " ind1=" " tag="520">
      <subfield code="a">Peer Reviewed</subfield>
   </datafield>
   <datafield ind2=" " ind1=" " tag="520">
      <subfield code="a">Postprint (author's final draft)</subfield>
   </datafield>
   <datafield tag="653" ind2=" " ind1=" ">
      <subfield code="a">Àrees temàtiques de la UPC::Enginyeria civil::Materials i estructures::Materials i estructures metàl·liques</subfield>
   </datafield>
   <datafield tag="653" ind2=" " ind1=" ">
      <subfield code="a">Stainless steel--Testing</subfield>
   </datafield>
   <datafield tag="653" ind2=" " ind1=" ">
      <subfield code="a">Advanced analysis</subfield>
   </datafield>
   <datafield tag="653" ind2=" " ind1=" ">
      <subfield code="a">Probability-based design</subfield>
   </datafield>
   <datafield tag="653" ind2=" " ind1=" ">
      <subfield code="a">Reliability calibrations</subfield>
   </datafield>
   <datafield tag="653" ind2=" " ind1=" ">
      <subfield code="a">Stainless steel structures</subfield>
   </datafield>
   <datafield tag="653" ind2=" " ind1=" ">
      <subfield code="a">Structural reliability</subfield>
   </datafield>
   <datafield tag="653" ind2=" " ind1=" ">
      <subfield code="a">Acer inoxidable -- Estructures</subfield>
   </datafield>
   <datafield ind2="0" ind1="0" tag="245">
      <subfield code="a">System-based reliability analysis of stainless steel frames under gravity loads</subfield>
   </datafield>
</record></metadata></record></GetRecord></OAI-PMH>